00608nam a22001692 4500001001100000005001700011008004100028020001700069040001500086050001600101100003400117245008700151260005300238300003400291504006400325650004900389000000423020151217145759.0070521s xx 000 0 eng d a0130304174 : aKABUcKABU 0aQA377b.K431 aKeane, Michael K.@000015468712aA Very applied first course in partial differential equations /cMichael K. Keane. aUpper Saddle River, NJ :bPrentice Hall,cc2002. axix, 507 p. :bill. ;c24 cm. aIncludes bibliographical references (p. 501-503) and index. 0aDifferential equations, Partial.@0000154660